Spotify Top 100 Most Streamed Spanish Songs - Statistics

General Stats
  • This quiz has been taken 111 times
  • The average score is 31 of 100
Answer Stats
# Amount of Streams Artist Release Year Answer % Correct
6 1,823,710,117 Luis Fonsi ft. Daddy Yankee 2017 Despacito
92%
9 1,751,352,275 Luis Fonsi ft. Daddy Yankee & Justin Bieber 2017 Despacito (Remix)
92%
1 2,078,455,003 Bad Bunny & JHAYCO 2020 DÁKITI
73%
2 1,970,933,125 Manuel Turizo 2022 La Bachata
59%
12 1,549,313,679 Karol G & Nicki Minaj 2019 Tusa
59%
4 1,889,506,460 Danny Ocean 2016 Me Rehúso
57%
3 1,937,053,131 Bad Bunny & Chencho Corleone 2022 Me Porto Bonito
56%
22 1,364,953,366 Bad Bunny ft. Drake 2018 MIA
56%
8 1,786,507,275 Don Omar & Lucenzo 2010 Danza Kuduro
53%
46 1,017,108,175 Daddy Yankee 2004 Gasolina
53%
10 1,606,087,415 Bad Bunny 2022 Tití Me Preguntó
53%
5 1,852,919,114 J Balvin & Bad Bunny 2019 LA CANCIÓN
52%
14 1,532,735,467 Bad Bunny & Bomba Estéreo 2022 Ojitos Lindos
51%
27 1,224,280,092 Anuel AA, Daddy Yankee & Karol G ft. Ozuna & J Balvin 2019 China
49%
13 1,538,058,297 J Balvin & Willy William 2017 Mi Gente
49%
16 1,459,684,325 Rauw Alejandro 2021 Todo De Ti
48%
42 1,063,488,885 Shakira ft. Maluma 2016 Chantaje
45%
11 1,575,500,864 Farruko 2021 Pepas
45%
7 1,798,676,843 Bizarrap & Quevedo 2022 Bzrp Music Sessions, Vol. 52
44%
15 1,521,289,413 Bad Bunny & Tainy 2019 Callaita
44%
26 1,257,370,781 FloyyMenor & Cris MJ 2024 Gata Only
44%
21 1,378,997,780 Maluma 2020 Hawái
43%
28 1,211,322,538 Nio García, Darell & Casper Mágico ft. Bad Bunny, Nicky Jam & Ozuna 2018 Te Boté (Remix)
43%
35 1,145,046,760 Grupo Frontera & Bad Bunny 2023 Un x100to
43%
57 958,927,699 Don Omar 2003 Dile
41%
30 1,201,318,210 Bad Bunny 2020 Moscow Mule
40%
43 1,053,679,840 Nicky Jam & J Balvin 2019 X
40%
31 1,185,913,833 Pedro Capó & Farruko 2018 Calma (Remix)
39%
50 1,000,657,166 Lunay, Daddy Yankee & Bad Bunny 2019 Soltera (Remix)
39%
65 903,973,046 Enrique Iglesias ft. Descemer Bueno & Gente De Zona 2014 Bailando
37%
19 1,413,580,875 Daddy Yankee 2019 Con Calma
37%
44 1,035,056,156 Bad Bunny & Rosalía 2020 La Noche De Anoche
37%
72 887,647,984 Bad Bunny & Feid 2023 PERRO NEGRO
37%
34 1,155,027,350 Karol G & Shakira 2023 TQG
36%
17 1,450,967,992 Bad Bunny 2021 Yonaguni
36%
54 967,081,872 Maluma 2017 Felices Los 4
35%
58 950,753,442 Feid & ATL Jacob 2023 Luna
35%
25 1,264,343,536 Kali Uchis 2020 Telepatía
35%
55 966,020,466 Luis Fonsi & Demi Lovato 2017 Échame La Culpa
33%
24 1,311,078,296 Eslabon Armado & Peso Pluma 2023 Ella Baila Sola
33%
33 1,162,892,178 Yng Lvcas & Peso Pluma 2023 La Bebe (Remix)
33%
60 921,673,350 Natti Natasha & Ozuna 2017 Criminal
32%
40 1,071,752,846 Myke Towers 2023 Lala
32%
18 1,443,063,492 JHAYCO, J Balvin & Bad Bunny 2019 No Me Conoce (Remix)
32%
68 900,209,914 Bad Bunny, Jowell & Randy & Ñengo Flow 2020 Safaera
32%
92 806,184,624 Becky G & Natti Natasha 2018 Sin Pijama
32%
48 1,015,267,355 Feid & Young Miko 2023 Classy 101
31%
78 854,292,442 Quevedo 2023 Columbia
31%
96 794,988,689 Rosalía & J Balvin ft. El Guincho 2019 Con Altura
28%
61 921,277,321 Bad Bunny, Ozuna & Farruko ft. Arcángel, Ñengo Flow, DJ Luian & Mambo Kingz 2016 Diles
28%
62 913,427,050 Cris MJ 2022 Una Noche En Medellín
28%
75 858,404,460 J Balvin, Dua Lipa, Bad Bunny & Tainy 2020 Un Día (One Day)
28%
37 1,108,229,935 Rosalía 2022 Despechá
27%
98 789,820,429 Anuel AA & Karol G 2019 Secreto
27%
51 988,137,823 Bad Bunny & Daddy Yankee 2020 La Santa
25%
73 885,124,368 Bad Bunny 2022 Neverita
25%
38 1,087,493,832 Karol G & Peso Pluma 2023 Qlona
25%
100 778,911,549 Bad Bunny 2023 WHERE SHE GOES
25%
56 965,279,560 Paulo Londra 2018 Adan Y Eva
24%
20 1,385,376,780 Bad Bunny 2022 Efecto
24%
29 1,201,399,560 Jay Wheeler, DJ Nelson & Myke Towers 2022 La Curiosidad
24%
53 970,638,479 Tainy, Bad Bunny & Julieta Venegas 2021 Lo Siento BB
24%
93 800,528,578 Bad Bunny 2022 Tarot
24%
39 1,075,510,541 Feid 2022 Feliz Cumpleaños Ferxxo
23%
23 1,326,074,082 Karol G 2022 Provenza
23%
49 1,005,375,198 Bizarrap & Shakira 2023 Bzrp Music Sessions, Vol. 53
21%
32 1,167,291,275 Rauw Alejandro & Chencho Corleone 2021 Desesperados
21%
41 1,069,689,601 Ozuna ft. Feid 2022 Hey Mor
21%
91 807,065,966 Tini & María Becerra 2021 Miénteme
21%
95 797,344,850 Paulo Londra 2019 Tal Vez
21%
82 846,371,459 J Balvin & María Becerra 2021 Qué Más Pues?
20%
67 901,278,491 Nicky Jam & Enrique Iglesias 2015 El Perdón
19%
97 792,931,344 Xavi 2023 La Diabla
19%
47 1,016,605,939 Becky G & Karol G 2022 Mamii
19%
77 855,491,389 J Balvin & Bad Bunny 2019 Qué Pretendes
19%
71 888,125,477 Anuel AA & Haze 2018 Amanece
17%
66 901,586,632 Karol G 2020 Bichota
17%
36 1,133,395,713 Plan B 2010 Es Un Secreto
17%
85 817,770,616 Mora & Feid 2022 La Inocente
17%
74 864,562,849 Sebastian Yatra & Myke Towers 2022 Pareja Del Año
17%
64 906,992,433 Ozuna 2017 Se Preparó
17%
45 1,026,616,495 Bad Bunny 2019 Vete
17%
69 894,207,667 Yandel & Feid 2022 Yandel 150
17%
70 892,859,001 Maluma 2015 Borró Cassette
16%
88 814,914,464 Anuel AA & Romeo Santos 2018 Ella Quiere Beber (Remix)
16%
84 830,175,606 Feid 2022 Normal
16%
59 942,282,421 Zion & Lennox ft. J Balvin 2016 Otra Vez
16%
76 857,012,005 Bad Bunny 2020 Si Veo A Tu Mamá
16%
81 846,801,639 Romeo Santos 2014 Propuesta Indecente
15%
80 847,098,326 Ozuna & Manuel Turizo 2018 Vaina Loca
15%
63 913,273,241 Piso 21 ft. Manuel Turizo 2017 Déjala Que Vuelva
13%
79 851,409,982 DJ Snake, J Balvin & Tyga 2019 Loco Contigo
13%
52 976,419,220 Bad Bunny 2018 Si Estuviésemos Juntos
11%
86 816,869,178 Bad Bunny 2020 A Tu Merced
9%
99 784,088,823 Mau Y Ricky, Manuel Turizo & Camilo 2018 Desconocidos
9%
89 814,777,411 Wisin ft. Ozuna 2017 Escápate Conmigo
9%
87 816,362,949 Calle 24, Chino Pacas & Fuerza Regida 2023 Que Onda
9%
94 798,995,041 Piso 21 & Micro TDH 2018 Te Vi
8%
83 839,521,161 Karol G 2023 Amargura
7%
90 814,433,610 Carín León & Grupo Frontera 2022 Que Vuelvas
5%
No matching quizzes found
Score Distribution
Percent of People with Each Score
Percentile by Number Answered
Your Score History
You have not taken this quiz